<?xml version="1.0" encoding="UTF-8"?>
<record
    xmlns:xsi="http://www.w3.org/2001/XMLSchema-instance"
    xsi:schemaLocation="http://www.loc.gov/MARC21/slim http://www.loc.gov/standards/marcxml/schema/MARC21slim.xsd"
    xmlns="http://www.loc.gov/MARC21/slim">

  <leader>00253nam a22001097a 4500</leader>
  <datafield tag="040" ind1=" " ind2=" ">
    <subfield code="c">HS</subfield>
  </datafield>
  <datafield tag="082" ind1=" " ind2=" ">
    <subfield code="a">338</subfield>
  </datafield>
  <datafield tag="100" ind1=" " ind2=" ">
    <subfield code="a">&#x1793;&#x17BB;&#x178F; &#x179F;&#x17B6;&#x17A1;&#x1793;</subfield>
  </datafield>
  <datafield tag="245" ind1=" " ind2=" ">
    <subfield code="a">&#x179F;&#x17D2;&#x1790;&#x17B7;&#x178F;&#x17B7;&#x179C;&#x17B7;&#x1791;&#x17D2;&#x1799;&#x17B6;</subfield>
  </datafield>
  <datafield tag="260" ind1=" " ind2=" ">
    <subfield code="a">RUA</subfield>
    <subfield code="b">&#x1793;&#x17BB;&#x178F; &#x179F;&#x17B6;&#x17A1;&#x1793;</subfield>
    <subfield code="c">2010</subfield>
  </datafield>
  <datafield tag="942" ind1=" " ind2=" ">
    <subfield code="c">KB</subfield>
  </datafield>
  <datafield tag="999" ind1=" " ind2=" ">
    <subfield code="c">9356</subfield>
    <subfield code="d">9356</subfield>
  </datafield>
  <datafield tag="952" ind1=" " ind2=" ">
    <subfield code="0">0</subfield>
    <subfield code="1">0</subfield>
    <subfield code="4">0</subfield>
    <subfield code="6">338_000000000000000_&#x1793;&#x17BB;&#x178F;_2010_C191</subfield>
    <subfield code="7">0</subfield>
    <subfield code="9">51176</subfield>
    <subfield code="a">LBC</subfield>
    <subfield code="b">LBC</subfield>
    <subfield code="c">C191</subfield>
    <subfield code="d">2016-08-31</subfield>
    <subfield code="o">338 &#x1793;&#x17BB;&#x178F; 2010 C191</subfield>
    <subfield code="p">RUA41027</subfield>
    <subfield code="r">2016-08-31</subfield>
    <subfield code="y">KB</subfield>
  </datafield>
  <datafield tag="952" ind1=" " ind2=" ">
    <subfield code="0">0</subfield>
    <subfield code="1">0</subfield>
    <subfield code="4">0</subfield>
    <subfield code="6">338_000000000000000_&#x1793;&#x17BB;&#x178F;_2010</subfield>
    <subfield code="7">0</subfield>
    <subfield code="9">51855</subfield>
    <subfield code="a">LBC</subfield>
    <subfield code="b">LBC</subfield>
    <subfield code="d">2016-09-07</subfield>
    <subfield code="o">338 &#x1793;&#x17BB;&#x178F; 2010</subfield>
    <subfield code="p">&#x17AC;&#x17BC;&#x17B6;&#x17C6;&#x17E4;&#x17E4;&#x17E1;&#x17E8;&#x17E0;</subfield>
    <subfield code="r">2016-09-07</subfield>
    <subfield code="w">2016-09-07</subfield>
    <subfield code="y">KB</subfield>
  </datafield>
</record>
